|
|
|
|
| LEADER |
00000nam0a2200000 4500 |
| 001 |
305483 |
| 005 |
20231102001814.0 |
| 035 |
|
|
|a (RuTPU)RU\TPU\book\330754
|
| 090 |
|
|
|a 305483
|
| 100 |
|
|
|a 20150928d1983 m y0rusy50 ca
|
| 101 |
0 |
|
|a rus
|
| 102 |
|
|
|a RU
|
| 105 |
|
|
|a a j 000zy
|
| 200 |
1 |
|
|a Радиоэлектроника
|e учебное пособие
|f Г. Б. Толкачев, В. Н. Ковалев
|
| 210 |
|
|
|a Москва
|c Высшая школа
|d 1983
|
| 215 |
|
|
|a 288 с.
|c ил.
|
| 225 |
1 |
|
|a Профессионально-техническое образование
|
| 606 |
1 |
|
|a Радиоэлектроника
|2 stltpush
|3 (RuTPU)RU\TPU\subj\69507
|9 84342
|
| 610 |
1 |
|
|a электровакуумные приборы
|
| 610 |
1 |
|
|a газоразрядные приборы
|
| 610 |
1 |
|
|a полупроводниковые приборы
|
| 610 |
1 |
|
|a фотоэлектрические приборы
|
| 610 |
1 |
|
|a усилители
|
| 610 |
1 |
|
|a генераторы гармонических колебаний
|
| 610 |
1 |
|
|a импульсные устройства
|
| 610 |
1 |
|
|a радиоприемные устройства
|
| 610 |
1 |
|
|a телевидение
|
| 610 |
1 |
|
|a радиолокация
|
| 610 |
1 |
|
|a учебные пособия
|
| 675 |
|
|
|a 621.37/.39(075.3)
|v 4
|
| 700 |
|
1 |
|a Толкачев
|b Г. Б.
|g Геннадий Борисович
|
| 701 |
|
1 |
|a Ковалев
|b В. Н.
|g Виктор Николаевич
|
| 801 |
|
1 |
|a RU
|b 63413507
|c 20150928
|
| 801 |
|
2 |
|a RU
|b 63413507
|c 20190426
|g RCR
|
| 942 |
|
|
|c BK
|